| 000 | 01197nam a2200229Ia 4500 | ||
|---|---|---|---|
| 001 | L330-23809 | ||
| 003 | IT-CnALBA | ||
| 008 | 170116s9999||||xx |||||||||||||| ||und|| | ||
| 040 |
_aIT-CnALBA _cIT-CnALBA |
||
| 041 | _aFRANCESE | ||
| 100 | _aTURMANN MAX | ||
| 245 | 0 | _aINITIATIVES FEMININES. | |
| 250 | _a1a ed. | ||
| 260 |
_aPARIS _bLECOFFRE J. BIBLIOP., LIBRAIRIE PARIS' _c1908 [1° Ed.:1908 - Ed.Ling.Originale: 1908] |
||
| 300 | _a430 p. (prefazione: 7) | ||
| 500 | _aVOLUME CON FIRMA TEOLOGO ALBERIONE SULLA PRIMA PAGINA DI COPERTINA. INDICE ONOMASTICO. IL MOVIMENTO FEMMINISTA. LE CONQUISTE DELLA DONNA SPECIALMENTE NELL'APOSTOLATO. LA DONNA E IL LAVORO. AZIONE FEMMINILE DELLE DONNE AGIATE. OPERE DI ASSISTENZA E PROTEZI | ||
| 501 | _aSocietà San Paolo EM - Piazza San Paolo, 14 - 12051 ALBA (CN) (non commercial uses only) ® Copyright 2017 | ||
| 520 | _aVOLUME CON FIRMA TEOLOGO ALBERIONE SULLA PRIMA PAGINA DI COPERTINA. INDICE ONOMASTICO. IL MOVIMENTO FEMMINISTA. LE CONQUISTE DELLA DONNA SPECIALMENTE NELL'APOSTOLATO. LA DONNA E IL LAVORO. AZIONE FEMMINILE DELLE DONNE AGIATE. OPERE DI ASSISTENZA E PROTEZI | ||
| 650 | _aECONOMIA | ||
| 942 | _cBK | ||
| 957 | _71 | ||
| 999 |
_a28552 _bSI _g Copie: 1 _c282909 _d282909 |
||